| 000 | 00451nam a2200193Ia 4500 | ||
|---|---|---|---|
| 008 | 170918s9999 xx 000 0 und d | ||
| 020 | _a9780439351485 | ||
| 050 | _bA534 2002 | ||
| 100 | _aAnastasio, Dina | ||
| 245 | _aIn the rain forest / | ||
| 245 | _cDina Anastasio. | ||
| 260 | _aNew York : | ||
| 260 | _bScholastic, | ||
| 260 | _c2002 | ||
| 300 | _a16 pages : | ||
| 300 | _bcolored illustration ; | ||
| 300 | _c25cm. | ||
| 500 | _a450 | ||
| 999 |
_c341407 _d341407 |
||